Normal view
MARC view
- القانون الجنائي -- العقوبات -- الأردن - الجريمة
Entry Topical Term
001 - CONTROL NUMBER
- control field: 31297
003 - CONTROL NUMBER IDENTIFIER
- control field: JO-AjAnu
005 - DATE AND TIME OF LATEST TRANSACTION
- control field: 20230606075254.0
008 - FIXED-LENGTH DATA ELEMENTS
- fixed length control field: 230606|| aca||aabn | a|a d
040 ## - CATALOGING SOURCE
- Original cataloging agency: JO-AjAnu
- Transcribing agency: JO-AjAnu
150 ## - HEADING--TOPICAL TERM
- Topical term or geographic name entry element: القانون الجنائي -- العقوبات -- الأردن - الجريمة
670 ## - SOURCE DATA FOUND
- Source citation: Work cat.: (JO-AjAnu)16072: الحديثي ، فخري عبد الرزاق ، الزعبي ، خالد حميدي, author 31296, الموسوعة الجنائية 3 شرح قانون العقوبات القسم الخاص الجرائم الواقعة على الأموال